000 00494nam a22001697a 4500
999 _c27411
_d27410
003 OSt
005 20210805105852.0
008 170508b xxu||||| |||| 00| 0 eng d
040 _aMMU
_beng
_cMMU
_dMMU
050 _aQA76.9 .C65S56 2000
245 _aDSP Blockset for use with stimulink :
_bmodelling,simulation, Implementation /
260 _aNatick, MA :
_bThe Math Works ,
_c2000
300 _a504 p.:
_bill.;
500 _aIncludes index.
650 _aDSP Blockset
942 _2lcc
_cLOAN LOAN